书目信息 |
| 题名: |
学会关心你自己 健康漫谈
|
|
| 作者: | 杨广军 | |
| 分册: | ||
| 出版信息: | 北京 光明日报出版社 2007.06 |
|
| 页数: | 189页 | |
| 开本: | 20cm | |
| 丛书名: | ||
| 单 册: | ||
| 中图分类: | R-49 | |
| 科图分类: | ||
| 主题词: | 医药学 | |
| 电子资源: | ||
| ISBN: | 978-7-80206-456-0 | |
| 000 | 00579nam0 2200217 45 | |
| 001 | 0958033443 | |
| 005 | 20091011161302.01 | |
| 010 | @a978-7-80206-456-0@dCNY21.00 | |
| 100 | @a20090515d2007 ekmy0 y0120 ea | |
| 102 | @aCN@b130000 | |
| 102 | @aCN@b110000 | |
| 105 | @ay z 000yy | |
| 200 | 1 | @a学会关心你自己 健康漫谈@f杨广军等@Fyang guang jun deng |
| 210 | @a北京@c光明日报出版社@d2007.06 | |
| 215 | @a189页@d20cm | |
| 606 | 0 | @a医药学 |
| 690 | @aR-49@v4 | |
| 701 | 0 | @a杨广军@Ayang guang jun |
| 801 | 0 | @aCN@c20091011 |
| 905 | @a10447@dR-49@eZ269 | |
| 906 | @d21@n3@r1 | |
| 学会关心你自己 健康漫谈/杨广军等.-北京:光明日报出版社,2007.06 |
| 189页;20cm |
| ISBN 978-7-80206-456-0:CNY21.00 |
| ● |
| 相关链接 |
|
|
|
正题名:学会关心你自己 健康漫谈
索取号:R-49/Z269
 
预约/预借
| 序号 | 登录号 | 条形码 | 馆藏地/架位号 | 状态 | 备注 |
| 1 | 659262 | 206592622 | 自科库401/401自科库 103排2列1层/ [索取号:R-49/Z269] | 在馆 | |
| 2 | 659263 | 206592631 | 自科库401/401自科库 103排2列1层/ [索取号:R-49/Z269] | 在馆 | |
| 3 | 659264 | 206592640 | 自科库401/401自科库 103排2列1层/ [索取号:R-49/Z269] | 在馆 |